000
00289nam a2200097Ia 4500
005
20251222114344.0
008
251222s1900||||xx |||||||||||||| ||spa||
082
_a
DVD0192/U61R/2006
245
0
_a
Conferencia: Isabel la Católica, Cristóbal Colón y la Evangelización de América:
942
_c
DVD
999
_c
982
_d
982